000 00604nam a2200229Ia 4500
003 OSt
005 20221005122029.0
006 a|||||r|||| 00| 0
007 ta
008 221004b |||||||| |||| 00| 0 eng d
024 _a59800
037 _cTextual
040 _aCRL
_cCRL
_beng
041 _2eng
_aeng
082 _aV2:2501:N3, F2
100 _aWellock Wilfred
_9631390
245 0 _aIndia's awakening
_b Its national and worldwide significance.
260 _c1922
650 _aHISTORY
942 _hV2:2501:N3, F2
_cTEXL
_2cc
999 _c1043046
_d1043046